<?xml version="1.0" encoding="UTF-8"?>
<record
    xmlns:xsi="http://www.w3.org/2001/XMLSchema-instance"
    xsi:schemaLocation="http://www.loc.gov/MARC21/slim http://www.loc.gov/standards/marcxml/schema/MARC21slim.xsd"
    xmlns="http://www.loc.gov/MARC21/slim">

  <leader>01665nam a2200205 a 4500</leader>
  <controlfield tag="008">      t2015    ag  |||g |||| 001 0 spa d</controlfield>
  <datafield tag="020" ind1=" " ind2=" ">
    <subfield code="a">9789507318580</subfield>
  </datafield>
  <datafield tag="041" ind1=" " ind2=" ">
    <subfield code="a">spa</subfield>
  </datafield>
  <datafield tag="092" ind1=" " ind2=" ">
    <subfield code="c">808</subfield>
    <subfield code="l">30</subfield>
    <subfield code="s">GOR</subfield>
  </datafield>
  <datafield tag="100" ind1="1" ind2=" ">
    <subfield code="a">Gorodischer, Violeta</subfield>
    <subfield code="9">3322</subfield>
  </datafield>
  <datafield tag="245" ind1=" " ind2=" ">
    <subfield code="a">Sue&#xF1;os a 90 centavos /</subfield>
    <subfield code="c">Violeta Gorodischer</subfield>
  </datafield>
  <datafield tag="250" ind1=" " ind2=" ">
    <subfield code="a">1a ed.</subfield>
  </datafield>
  <datafield tag="260" ind1=" " ind2=" ">
    <subfield code="a">Buenos Aires:</subfield>
    <subfield code="b">Seix Barral;</subfield>
    <subfield code="c">2015.</subfield>
  </datafield>
  <datafield tag="300" ind1=" " ind2=" ">
    <subfield code="a">129 p.</subfield>
    <subfield code="b">23x13cm</subfield>
  </datafield>
  <datafield tag="500" ind1=" " ind2=" ">
    <subfield code="a">Gorodischer, V. (2015). Sue&#xF1;os a 90 centavos. (1a ed.). Buenos Aires : Seix Barral.</subfield>
  </datafield>
  <datafield tag="505" ind1=" " ind2=" ">
    <subfield code="a">Encuentros, desencuentros, ilusiones y desilusiones: ambientados en un contexto urbano y actual, los relatos de Sue&#xF1;os a 90 centavos componen un retrato fiel, sutil y divertido de la clase media en una ciudad globalizada. Con situaciones tan disparatadas como reales, Violeta Gorodischer explora distintas voces para poner en escena las preocupaciones de un sector de la sociedad frente a un mundo en permanente cambio. Un mundo en el que, parad&#xF3;jicamente, la herencia de las d&#xE9;cadas pasadas sigue jugando una influencia determinante. Con una escritura fresca, &#xE1;gil y al mismo tiempo contundente, los personajes que protagonizan las historias incluyen a una ap&#xE1;tica pareja que respira &#xFA;nicamente a trav&#xE9;s de su mascota, dos j&#xF3;venes y afiebrados artistas pl&#xE1;sticos de vanguardia que viven un apasionado romance, una aprendiz de periodismo y un periodista estrella que atraviesan una singular experiencia y un escritor cuyas vida y obra se transforma simbi&#xF3;ticamente, entre muchos otros. </subfield>
  </datafield>
  <datafield tag="590" ind1=" " ind2=" ">
    <subfield code="a">Proyecto Literatura 4to libro.Donaci&#xF3;n Fondo Nacional de las Artes, Noviembre 2017.</subfield>
  </datafield>
  <datafield tag="655" ind1=" " ind2=" ">
    <subfield code="a">Cuentos</subfield>
    <subfield code="9">2945</subfield>
  </datafield>
  <datafield tag="942" ind1=" " ind2=" ">
    <subfield code="2">ddc</subfield>
    <subfield code="c">LIT</subfield>
  </datafield>
  <datafield tag="999" ind1=" " ind2=" ">
    <subfield code="c">2555</subfield>
    <subfield code="d">2555</subfield>
  </datafield>
  <datafield tag="952" ind1=" " ind2=" ">
    <subfield code="0">0</subfield>
    <subfield code="1">0</subfield>
    <subfield code="2">ddc</subfield>
    <subfield code="4">0</subfield>
    <subfield code="7">0</subfield>
    <subfield code="a">BFM</subfield>
    <subfield code="b">BFM</subfield>
    <subfield code="c">CR</subfield>
    <subfield code="d">2017-11-03</subfield>
    <subfield code="e">Proyecto Literatura 4to libro.Donaci&#xF3;n Fondo Nacional de las Artes, Noviembre 2017.</subfield>
    <subfield code="l">2</subfield>
    <subfield code="m">1</subfield>
    <subfield code="o">808 30 GOR</subfield>
    <subfield code="p">4008</subfield>
    <subfield code="r">2018-07-04</subfield>
    <subfield code="s">2018-06-13</subfield>
    <subfield code="t">Ej.1</subfield>
    <subfield code="w">2017-11-03</subfield>
    <subfield code="y">LIT</subfield>
    <subfield code="z">Proyecto Literatura 4to libro.Donaci&#xF3;n Fondo Nacional de las Artes, Noviembre 2017.</subfield>
  </datafield>
</record>
